What life was like : In the lands of the prophet(islamic world AD570-1405)

Bibliographic Details
Format: Book
Published: Virginia : Time Life Books , 1999
Series:What life was like
Subjects:

MARC

LEADER 00000cam a2200000 7i4500
001 0000064619
005 20160719.0
008 160719
020 |a 0783554656 
090 0 0 |a 909.09767101   |b WHA 
245 1 0 |a What life was like :   |b In the lands of the prophet(islamic world AD570-1405) 
260 |a Virginia :   |b Time Life Books ,   |c 1999 
300 |a 144pg. :   |b Col.ill 
490 1 |a What life was like 
650 0 |a Civilization islamic 
999 |a 0000927105   |b Book   |c Adult Collection   |e Cawangan Bukit Gambir 
999 |a 0000935500   |b Book   |c REFERENCE   |e Cawangan Tangkak